000 00508nam a22001817a 4500
005 20260505120944.0
008 260505b |||||||| |||| 00| 0 eng d
020 _a978-0-07-802174-9
082 _a332
_bCEC-M
100 _aCecchetti, Stephen G.
_aKermit L. Schoenholtz
245 _aMoney, Banking, and Financial Markets
250 _a4th Ed
260 _aPenn Plaza, New York, NY
_bMcGraw-Hill Education,
_c2015
300 _a753 p.
500 _aIncludes indexes.
650 _aFinance
942 _cBK
999 _c47516
_d47516